000 00939nam a2200229 4500
005 20240530110337.0
008 141021s2010 ua gr 000 0 ara d
020 _a9789953823249
040 _aEG-CaGPL
082 0 4 _221
_a320.5\
_bح إ
100 0 _aحسام الدين على مجيد
245 1 _aاشكالية التعددية الثقافية فى الفكر السياسى المعاصر :
_bجدلية الاندماج والتنوع /
_cحسام الدين على مجيد
250 _aط1
260 _aبيروت :
_bمركز دراسات الوحدة العربية ،
_c2010
300 _a368 ص ؛
_c24 سم
490 _aسلسلة اطروحات الدكتوراه
_v85
650 0 4 _aالتعددية الثقافية
650 0 4 _aالاحوال السياسية
650 0 4 _aالمذاهب السياسية
942 _2ddc
_cBK
999 _c59818
_d59818